000
00292nam a2200109Ia 4500
008
200302s9999 xx 000 0 und d
100
_a
Mike W. Lin Asla
245
_a
Architecural Rendering Techniques / A Color Reference
260
_b
John Wiley & Sons Inc.,
260
_c
1985
300
_a
252 P.,
999
_c
843
_d
843